000 01042nam a2200301 i 4500
001 13217
003 KOSZ 005
005 20220527080343.0
008 140618s1970 pl a f f 000 0 pol
015 _aPB 1971/1484
040 _aWA N
_cWA N
_dKOSZ 005/RW
080 _a316
080 _a167/168
100 1 _aNowak, Stefan
_d(1925-1989)
_eAutor
245 1 0 _aMetodologia badań socjologicznych :
_bzagadnienia ogólne /
_cStefan Nowak.
260 _aWarszawa :
_bPaństwowe Wydawnictwo Naukowe,
_c1970.
300 _a484, [3] strony :
_bilustracje;
_c21 cm.
336 _aTekst
_btxt
_2rdacontent
337 _aBez urządzenia pośredniczącego
_bn
_2rdamedia
338 _aWolumin
_bnc
_2rdacarrier
380 _aKsiążki
650 4 _aSocjologia
650 4 _aMetodologia
658 _aSocjologia i społeczeństwo
710 2 _aPaństwowe Wydawnictwo Naukowe
_4pbl.
856 _uhttp://koha.tu.koszalin.pl/cgi-bin/koha/opac-detail.pl?biblionumber=13217
_yKatalog online BPK
942 _2UKD
_cKS
999 _c13217
_d13217